[Event "Titled Tuesday intern op 20th Dec Early"]
[Site "Chess.com INT"]
[Date "2022.12.20"]
[Round "1"]
[White "Gorodetzky, David"]
[Black "Izeta Txabarri, Felix"]
[Result "0-1"]
[WhiteElo "2495"]
[BlackElo "2452"]
[PlyCount "64"]
[EventDate "2022.12.20"]
[EventType "swiss (blitz)"]
[EventRounds "11"]
[EventCountry "USA"]
[SourceTitle "EXT 2024"]
[Source "ChessBase"]
[SourceDate "2023.10.10"]
[SourceVersion "1"]
[SourceVersionDate "2023.10.10"]
[SourceQuality "1"]

1. e4 Nc6 2. Nf3 d6 3. d4 Nf6 4. Nc3 Bg4 5. Be3 e6 6. Be2 Be7 7. 0-0 d5 8. e5 Ne4 9. h3 Bf5 10. Nxe4 Bxe4 11. c3 0-0 12. Bd3 Bxd3 13. Qxd3 f6 14. exf6 Bxf6 15. Rae1 e5 16. dxe5 Nxe5 17. Nxe5 Bxe5 18. Bc5 Re8 19. f4 Bf6 20. Rxe8+ Qxe8 21. Qxd5+ Kh8 22. Qxb7 Rb8 23. Qxc7 Rxb2 24. Bd4 Bxd4+ 25. cxd4 h6 26. Qe5 Qa4 27. Rf3 Rd2 28. d5 Qd1+ 29. Rf1 Qc2 30. f5 Rxg2+ 31. Kh1 Re2 32. Qd4 Rh2+ 0-1

[Event "Titled Tuesday intern op 20th Dec Early"]
[Site "Chess.com INT"]
[Date "2022.12.20"]
[Round "5"]
[White "Izeta Txabarri, Felix"]
[Black "Rose, Felix"]
[Result "0-1"]
[WhiteElo "2452"]
[BlackElo "2091"]
[PlyCount "28"]
[EventDate "2022.12.20"]
[EventType "swiss (blitz)"]
[EventRounds "11"]
[EventCountry "USA"]
[SourceTitle "EXT 2024"]
[Source "ChessBase"]
[SourceDate "2023.10.10"]
[SourceVersion "1"]
[SourceVersionDate "2023.10.10"]
[SourceQuality "1"]

1. d4 d5 2. Nf3 Nf6 3. c4 e6 4. Nc3 Be7 5. Bg5 Nbd7 6. e3 h6 7. Bh4 0-0 8. Rc1 c5 9. cxd5 Nxd5 10. Be2 Bxh4 11. 0-0 Nxc3 12. Rxc3 cxd4 13. Qxd4 Bf6 14. Qa4 Bxc3 0-1

[Event "Titled Tuesday intern op 20th Dec Early"]
[Site "Chess.com INT"]
[Date "2022.12.20"]
[Round "8"]
[White "Izeta Txabarri, Felix"]
[Black "Tsyhanchuk, Stanislav"]
[Result "1-0"]
[WhiteElo "2452"]
[BlackElo "2273"]
[PlyCount "73"]
[EventDate "2022.12.20"]
[EventType "swiss (blitz)"]
[EventRounds "11"]
[EventCountry "USA"]
[SourceTitle "EXT 2024"]
[Source "ChessBase"]
[SourceDate "2023.10.10"]
[SourceVersion "1"]
[SourceVersionDate "2023.10.10"]
[SourceQuality "1"]

1. d4 d5 2. Nf3 Nf6 3. c4 c6 4. Nc3 dxc4 5. a4 Bf5 6. e3 e6 7. Bxc4 Bb4 8. 0-0 0-0 9. Qe2 Bg6 10. Ne5 Nbd7 11. Nxg6 hxg6 12. Rd1 Qe7 13. e4 e5 14. d5 Nb6 15. Bb3 a5 16. Be3 Nbd7 17. dxc6 bxc6 18. Qc4 Nc5 19. Bc2 Rac8 20. f3 Ne6 21. Kh1 Rfd8 22. Rxd8+ Qxd8 23. Rd1 Qc7 24. Bb3 Rb8 25. h3 Qb7 26. Ba2 Nd7 27. Qe2 Nb6 28. Bxe6 fxe6 29. Bxb6 Qxb6 30. Qc4 Kf7 31. Rd7+ Kf6 32. f4 Bxc3 33. Qxc3 Qxb2 34. fxe5+ Kg5 35. Qg3+ Kh5 36. Qg4+ Kh6 37. Qh4# 1-0

[Event "Titled Tuesday intern op 20th Dec Early"]
[Site "Chess.com INT"]
[Date "2022.12.20"]
[Round "7"]
[White "Jolly, Jean Francois"]
[Black "Izeta Txabarri, Felix"]
[Result "0-1"]
[WhiteElo "2399"]
[BlackElo "2452"]
[PlyCount "66"]
[EventDate "2022.12.20"]
[EventType "swiss (blitz)"]
[EventRounds "11"]
[EventCountry "USA"]
[SourceTitle "EXT 2024"]
[Source "ChessBase"]
[SourceDate "2023.10.10"]
[SourceVersion "1"]
[SourceVersionDate "2023.10.10"]
[SourceQuality "1"]

1. e4 c6 2. d4 d5 3. e5 Bf5 4. Nf3 e6 5. Be2 Ne7 6. 0-0 Nd7 7. Be3 c5 8. c4 a6 9. Nc3 dxc4 10. dxc5 Nc6 11. Qa4 Bxc5 12. Bxc5 Nxc5 13. Qxc4 Qe7 14. Rac1 Nd7 15. Qf4 0-0 16. Nd5 exd5 17. Qxf5 Ndxe5 18. Rfe1 Qf6 19. Qxf6 gxf6 20. Rcd1 Rfd8 21. Nh4 d4 22. f4 Ng6 23. Nf5 Nxf4 24. Bc4 Ne5 25. Bb3 d3 26. Re4 Ne2+ 27. Kf2 Rac8 28. Ne7+ Kf8 29. Nxc8 Rxc8 30. Rd2 Nc1 31. Bd5 b5 32. a4 Rc5 33. axb5 Rxb5 0-1

[Event "EU-Cup 30th"]
[Site "Bilbao"]
[Date "2014.09.19"]
[Round "6.6"]
[White "Kenneskog, Theodor"]
[Black "Izeta Txabarri, Felix"]
[Result "1/2-1/2"]
[WhiteElo "2285"]
[BlackElo "2459"]
[PlyCount "145"]
[EventDate "2014.09.14"]
[EventType "team-swiss"]
[EventRounds "7"]
[EventCountry "ESP"]
[SourceTitle "CBM 163"]
[Source "ChessBase"]
[SourceDate "2014.11.11"]
[SourceVersion "1"]
[SourceVersionDate "2014.11.11"]
[SourceQuality "1"]
[WhiteTeam "Stockholm Rockaden"]
[BlackTeam "Taldea Gros Xake"]
[WhiteTeamCountry "SWE"]
[BlackTeamCountry "ESP"]

1. e4 c6 2. d4 d5 3. Nc3 dxe4 4. Nxe4 Bf5 5. Ng3 Bg6 6. h4 h6 7. Nf3 Nd7 8. h5 Bh7 9. Bd3 Bxd3 10. Qxd3 Qc7 11. Bd2 e6 12. 0-0-0 0-0-0 13. Ne4 Ngf6 14. g3 Nxe4 15. Qxe4 Bd6 16. c4 c5 17. d5 Nf6 18. Qc2 exd5 19. cxd5 Rhe8 20. Bc3 Qd7 21. Bxf6 gxf6 22. Nh4 Re5 23. f4 Rxh5 24. Qe2 Rxd5 25. Rxd5 Bxf4+ 26. gxf4 Qxd5 27. Rd1 Qxa2 28. Rxd8+ Kxd8 29. Nf5 Qe6 30. Qd3+ Kc7 31. Nxh6 Qe1+ 32. Kc2 Qh4 33. Nxf7 Qxf4 34. Qd8+ Kc6 35. Qe8+ Kb6 36. Qe6+ Kc7 37. Qe7+ Kb6 38. Qe6+ Kc7 39. Qe7+ Kb6 40. Nd6 Qf2+ 41. Kb3 Qf3+ 42. Ka2 Qd5+ 43. Ka3 f5 44. b3 a6 45. Qd7 c4 46. Nxc4+ Kc5 47. Qc7+ Kd4 48. Qf4+ Qe4 49. Qf2+ Kd5 50. Qd2+ Qd4 51. Ne3+ Ke4 52. Qxd4+ Kxd4 53. Nxf5+ Kc5 54. Ka4 b6 55. Ng7 a5 56. Nf5 Kc6 57. Ne3 Kc5 58. Nc2 Kc6 59. Ne1 Kc5 60. Nd3+ Kd4 61. Nf4 Kc5 62. Ka3 b5 63. Ne6+ Kd5 64. Nd8 Kc5 65. Nf7 Kd5 66. Kb2 Kd4 67. Nd6 Kc5 68. Nb7+ Kb4 69. Nd8 a4 70. Nc6+ Kc5 71. bxa4 bxa4 72. Ka3 Kxc6 73. Kxa4 1/2-1/2

[Event "San Sebastian KO GpA"]
[Site "San Sebastian"]
[Date "2011.12.29"]
[Round "2.4"]
[White "Izeta Txabarri, Felix"]
[Black "Prie, Eric"]
[Result "0-1"]
[WhiteElo "2459"]
[BlackElo "2490"]
[PlyCount "70"]
[EventDate "2011.12.28"]
[EventType "k.o."]
[EventRounds "7"]
[EventCountry "ESP"]
[SourceTitle "EXT 2024"]
[Source "ChessBase"]
[SourceDate "2023.10.10"]
[SourceVersion "1"]
[SourceVersionDate "2023.10.10"]
[SourceQuality "1"]

1. d4 d5 2. c4 c6 3. Nf3 Nf6 4. Nc3 a6 5. c5 Nbd7 6. Bf4 Nh5 7. Bd2 Nhf6 8. Qc2 g6 9. e4 Nxe4 10. Nxe4 dxe4 11. Ng5 Bg7 12. Bc4 0-0 13. Qxe4 Nf6 14. Qh4 h6 15. Nxf7 Rxf7 16. Bxf7+ Kxf7 17. Bxh6 Bxh6 18. Qxh6 Qxd4 19. 0-0 Bf5 20. h3 Nd5 21. Rad1 Qf6 22. Rfe1 Rh8 23. Qd2 g5 24. Qd4 Rh4 25. Qxf6+ Kxf6 26. a3 Rc4 27. Rc1 Ra4 28. Kh2 e5 29. g3 e4 30. Re2 Rd4 31. Kg2 Rd3 32. Kh2 Ke5 33. Rc4 Rd1 34. Kg2 e3 35. fxe3 Bd3 0-1

[Event "ESP-chT fin"]
[Site "Sanxenxo"]
[Date "2003.11.19"]
[Round "3"]
[White "Sion Castro, Marcelino"]
[Black "Izeta Txabarri, Felix"]
[Result "1/2-1/2"]
[WhiteElo "2390"]
[BlackElo "2463"]
[PlyCount "104"]
[EventDate "2003.11.17"]
[EventType "team"]
[EventRounds "6"]
[EventCountry "ESP"]
[SourceTitle "CBM 097 Extra"]
[Source "ChessBase"]
[SourceDate "2004.01.13"]
[SourceVersion "1"]
[SourceVersionDate "2004.01.13"]
[SourceQuality "1"]

1. e4 d6 2. d4 Nf6 3. Nc3 Nbd7 4. Nf3 e5 5. Bc4 Be7 6. 0-0 0-0 7. Re1 c6 8. a4 b6 9. d5 cxd5 10. Nxd5 Bb7 11. b3 Rc8 12. Ba3 Nxd5 13. Bxd5 Bxd5 14. Qxd5 Rxc2 15. Bxd6 Bxd6 16. Qxd6 Nc5 17. Qc6 Qc8 18. Qb5 Qe6 19. b4 Rb2 20. a5 f6 21. axb6 axb6 22. Re2 Rb3 23. Nd2 Rb2 24. Nf1 Rxe2 25. Qxe2 Nb3 26. Ra7 Nd4 27. Qa6 Qc6 28. Qb7 Qxb7 29. Rxb7 Rc8 30. g3 b5 31. Ne3 Rc1+ 32. Kg2 Rb1 33. Nf5 Nxf5 34. exf5 Rxb4 35. Rb8+ Kf7 36. Rb7+ Kf8 37. Rb8+ Ke7 38. Rb7+ Kf8 39. Rb8+ Ke7 40. Rb7+ Kd6 41. Rxg7 e4 42. Rxh7 Rb2 43. Kf1 Ke5 44. h4 Kxf5 45. Rg7 b4 46. h5 e3 47. fxe3 b3 48. h6 Rh2 49. Kg1 Rxh6 50. Rb7 Ke4 51. Rxb3 Kf3 52. e4+ Kxe4 1/2-1/2

[Event "Basque Country-World Rapid"]
[Site "Santurtzi"]
[Date "2003.05.02"]
[Round "3"]
[White "Izeta Txabarri, Felix"]
[Black "Karpov, Anatoly"]
[Result "0-1"]
[WhiteElo "2470"]
[BlackElo "2686"]
[PlyCount "74"]
[EventDate "2003.05.01"]
[EventType "team (rapid)"]
[EventRounds "6"]
[EventCountry "ESP"]
[SourceTitle "CBM 093 Extra"]
[Source "ChessBase"]
[SourceDate "2003.05.09"]
[SourceVersion "1"]
[SourceVersionDate "2003.05.09"]
[SourceQuality "1"]

1. d4 Nf6 2. Nf3 e6 3. Bg5 c5 4. e3 cxd4 5. exd4 b6 6. Nbd2 Be7 7. a4 0-0 8. c3 Ba6 9. Bb5 Bb7 10. 0-0 Nc6 11. Re1 Nd5 12. Bxe7 Ncxe7 13. Ne4 d6 14. Bd3 h6 15. a5 Nf4 16. Bf1 Qc7 17. Qd2 Nh5 18. axb6 axb6 19. Rxa8 Rxa8 20. Qd1 Bxe4 21. Rxe4 Qc6 22. Nd2 Nf6 23. Re1 Qa4 24. Qxa4 Rxa4 25. Nc4 Nc8 26. f3 Nd5 27. Ne3 Nxe3 28. Rxe3 Ra2 29. Re2 d5 30. b3 Ra1 31. c4 dxc4 32. bxc4 Nd6 33. Rc2 Nf5 34. Kf2 Nd6 35. Kg1 Nf5 36. c5 bxc5 37. dxc5 Rc1 0-1

[Event "Basque Country-World Rapid"]
[Site "Santurtzi"]
[Date "2003.05.02"]
[Round "4"]
[White "Karpov, Anatoly"]
[Black "Izeta Txabarri, Felix"]
[Result "1-0"]
[WhiteElo "2686"]
[BlackElo "2470"]
[PlyCount "88"]
[EventDate "2003.05.01"]
[EventType "team (rapid)"]
[EventRounds "6"]
[EventCountry "ESP"]
[SourceTitle "CBM 093 Extra"]
[Source "ChessBase"]
[SourceDate "2003.05.09"]
[SourceVersion "1"]
[SourceVersionDate "2003.05.09"]
[SourceQuality "1"]

1. d4 Nf6 2. Nf3 e6 3. c4 Bb4+ 4. Bd2 c5 5. Bxb4 cxb4 6. g3 b6 7. Bg2 Bb7 8. 0-0 0-0 9. Qd3 d6 10. Nbd2 Nc6 11. Ne1 e5 12. Nc2 a5 13. Rfe1 Re8 14. Bxc6 Bxc6 15. e4 Qb8 16. a3 bxa3 17. Nxa3 Ra7 18. f3 h5 19. Nf1 Rb7 20. b4 exd4 21. b5 Bd7 22. Qxd4 Be6 23. Ne3 Rd7 24. Nb1 h4 25. Kf2 Qc7 26. Nc3 Qc5 27. Qxc5 dxc5 28. Na4 hxg3+ 29. hxg3 Rb8 30. e5 Rd2+ 31. Re2 Rxe2+ 32. Kxe2 Nh5 33. Kf2 f6 34. Rd1 fxe5 35. Rd6 Kf7 36. Nxb6 Nf6 37. Na4 Nd7 38. Ra6 Rh8 39. Kg2 e4 40. fxe4 Ne5 41. Nxc5 Bxc4 42. Nxc4 Nxc4 43. b6 Rb8 44. b7 Ne5 1-0

[Event "Basque Country-World Blindfold"]
[Site "Santurtzi"]
[Date "2003.05.01"]
[Round "1"]
[White "Izeta Txabarri, Felix"]
[Black "Polgar, Judit"]
[Result "0-1"]
[WhiteElo "2470"]
[BlackElo "2715"]
[PlyCount "50"]
[EventDate "2003.05.01"]
[EventType "team (rapid)"]
[EventRounds "6"]
[EventCountry "ESP"]
[SourceTitle "CBM 093 Extra"]
[Source "ChessBase"]
[SourceDate "2003.05.09"]
[SourceVersion "1"]
[SourceVersionDate "2003.05.09"]
[SourceQuality "1"]

1. d4 Nf6 2. Nc3 d5 3. Bg5 c6 4. f3 h6 5. Bh4 Qb6 6. Na4 Qa5+ 7. c3 Nbd7 8. b4 Qc7 9. e3 e5 10. Bd3 Bd6 11. Ne2 0-0 12. Nc5 Re8 13. Nxd7 Nxd7 14. Bg3 a5 15. bxa5 Rxa5 16. 0-0 Nf6 17. h3 e4 18. Bxd6 Qxd6 19. fxe4 Nxe4 20. Bxe4 Rxe4 21. Qd2 Re7 22. Rf3 b6 23. Ng3 Qg6 24. Qb2 Rb5 25. Kh2 Rxb2 0-1

[Event "ESP-chT1"]
[Site "Mondariz"]
[Date "2002.09.13"]
[Round "5.2"]
[White "Moreno Tejera, Emilio"]
[Black "Izeta Txabarri, Felix"]
[Result "1/2-1/2"]
[WhiteElo "2365"]
[BlackElo "2466"]
[PlyCount "93"]
[EventDate "2002.09.04"]
[EventType "team"]
[EventRounds "6"]
[EventCountry "ESP"]
[SourceTitle "CBM 090 Extra"]
[Source "ChessBase"]
[SourceDate "2002.11.07"]
[SourceVersion "1"]
[SourceVersionDate "2002.11.07"]
[SourceQuality "1"]

1. e4 c6 2. d4 d5 3. e5 Bf5 4. Nf3 e6 5. Be2 Ne7 6. 0-0 Bg6 7. Nbd2 Nd7 8. a3 Nf5 9. b4 a5 10. b5 c5 11. c4 Nxd4 12. Nxd4 cxd4 13. Nf3 dxc4 14. Qxd4 Rc8 15. Bxc4 Nb6 16. Ba2 Qxd4 17. Nxd4 Bc5 18. Be3 Na4 19. Rfc1 Kd7 20. b6 Bxb6 21. Rd1 Ke7 22. Bg5+ f6 23. Bh4 Nc3 24. Nxe6 Nxd1 25. Rxd1 Bf7 26. exf6+ gxf6 27. Re1 Bxe6 28. Bxe6 Rce8 29. Bd5+ Kd7 30. Rd1 Kc8 31. Rb1 Rhf8 32. Kf1 Re5 33. Bf3 Re6 34. Bg3 f5 35. Rc1+ Kd7 36. Rd1+ Ke7 37. Bh4+ Kf7 38. Bd5 Rfe8 39. Rb1 Kg6 40. Bxe6 Rxe6 41. f3 Rc6 42. Bf2 Bc7 43. Rxb7 Rc1+ 44. Ke2 Rc2+ 45. Kf1 Rc1+ 46. Ke2 Rc2+ 47. Kf1 1/2-1/2

[Event "ESP-chT1"]
[Site "Mondariz"]
[Date "2002.09.10"]
[Round "2"]
[White "Izeta Txabarri, Felix"]
[Black "Vega Holm, Fernando"]
[Result "0-1"]
[WhiteElo "2466"]
[BlackElo "2403"]
[PlyCount "70"]
[EventDate "2002.09.04"]
[EventType "team"]
[EventRounds "6"]
[EventCountry "ESP"]
[SourceTitle "CBM 090 Extra"]
[Source "ChessBase"]
[SourceDate "2002.11.07"]
[SourceVersion "1"]
[SourceVersionDate "2002.11.07"]
[SourceQuality "1"]

1. d4 Nf6 2. Nf3 d5 3. c4 e6 4. Nc3 Be7 5. Bg5 h6 6. Bh4 0-0 7. e3 Ne4 8. Bxe7 Qxe7 9. Rc1 Nxc3 10. Rxc3 c6 11. Bd3 dxc4 12. Bxc4 Nd7 13. 0-0 b6 14. Qe2 a5 15. e4 Bb7 16. e5 c5 17. Rd1 Rfd8 18. d5 exd5 19. Bxd5 Bxd5 20. Rxd5 Nf8 21. Rcd3 Rxd5 22. Rxd5 Rd8 23. Rxd8 Qxd8 24. b3 Qd7 25. Qd2 Qf5 26. h3 Ne6 27. Qe2 g5 28. Nd2 Qc2 29. a4 c4 30. bxc4 Qxa4 31. Kh2 Qc2 32. Qe3 Nc5 33. h4 Qd3 34. Qe1 gxh4 35. Nf3 Qxc4 0-1

[Event "Euskadi-ch"]
[Site "Subijana de Alava"]
[Date "2002.04.05"]
[Round "5.1"]
[White "Ruiz Gomez, Alejandro"]
[Black "Izeta Txabarri, Felix"]
[Result "0-1"]
[WhiteElo "2327"]
[BlackElo "2469"]
[PlyCount "84"]
[EventDate "2002.04.02"]
[EventType "swiss"]
[EventRounds "7"]
[EventCountry "ESP"]
[SourceTitle "EXT 2003"]
[Source "ChessBase"]
[SourceDate "2002.11.25"]
[SourceVersion "1"]
[SourceVersionDate "2002.11.25"]
[SourceQuality "1"]

1. d4 d6 2. e4 Nf6 3. Nc3 c6 4. f3 e5 5. dxe5 dxe5 6. Qxd8+ Kxd8 7. Bc4 Ke8 8. a4 a5 9. Nge2 Bc5 10. Nd1 Ke7 11. Nf2 Be6 12. Bxe6 Kxe6 13. Nd3 Bb6 14. Bd2 Na6 15. Bc3 Nd7 16. Ng3 Nac5 17. Nxc5+ Bxc5 18. Ke2 Bb4 19. Bxb4 axb4 20. Rad1 g6 21. b3 Nc5 22. Rd2 Rad8 23. Rhd1 Rxd2+ 24. Rxd2 f5 25. exf5+ gxf5 26. f4 exf4 27. Nh5 Ne4 28. Rd3 Ke5 29. Rd7 b6 30. h4 Nc3+ 31. Kf3 Nd5 32. Rg7 Re8 33. Rxh7 Kd4 34. Rd7 Re3+ 35. Kf2 Ke4 36. Rd6 Rc3 37. Re6+ Kd4 38. Re2 c5 39. Ng7 Ne3 40. h5 Ke4 41. Ne8 Kd5 42. Kf3 Nxc2+ 0-1

[Event "Elgoibar 11th"]
[Site "Elgoibar"]
[Date "2001.12.22"]
[Round "9.5"]
[White "Gonzalez de la Torre, Santiago"]
[Black "Izeta Txabarri, Felix"]
[Result "1/2-1/2"]
[WhiteElo "2292"]
[BlackElo "2474"]
[PlyCount "23"]
[EventDate "2001.12.14"]
[EventType "tourn"]
[EventRounds "9"]
[EventCountry "ESP"]
[EventCategory "9"]
[SourceTitle "EXT 2003"]
[Source "ChessBase"]
[SourceDate "2002.11.25"]
[SourceVersion "1"]
[SourceVersionDate "2002.11.25"]
[SourceQuality "1"]

1. d4 Nf6 2. Bg5 e6 3. e4 h6 4. Bxf6 Qxf6 5. c3 d6 6. Bd3 Qg5 7. Kf1 g6 8. Nd2 Bg7 9. h4 Qe7 10. Ne2 Nd7 11. Kg1 b6 12. a4 1/2-1/2

[Event "Elgoibar 11th"]
[Site "Elgoibar"]
[Date "2001.12.14"]
[Round "1.1"]
[White "Izeta Txabarri, Felix"]
[Black "Argandona Riveiro, Inigo"]
[Result "1-0"]
[WhiteElo "2474"]
[BlackElo "2271"]
[PlyCount "97"]
[EventDate "2001.12.14"]
[EventType "tourn"]
[EventRounds "9"]
[EventCountry "ESP"]
[EventCategory "9"]
[SourceTitle "EXT 2003"]
[Source "ChessBase"]
[SourceDate "2002.11.25"]
[SourceVersion "1"]
[SourceVersionDate "2002.11.25"]
[SourceQuality "1"]

1. Nf3 d5 2. c4 c6 3. d4 Nf6 4. Nc3 e6 5. e3 Nbd7 6. Bd3 dxc4 7. Bxc4 b5 8. Bd3 a6 9. e4 c5 10. e5 cxd4 11. Ne4 Ng4 12. Bf4 Bb4+ 13. Kf1 f6 14. exf6 Ndxf6 15. h3 Nd5 16. Bg5 Ngf6 17. Nxf6+ Nxf6 18. Nxd4 Qd5 19. Bxf6 gxf6 20. Be2 Bd7 21. a3 Bc5 22. Bf3 Qxd4 23. Qxd4 Bxd4 24. Bxa8 Ke7 25. Be4 Bxb2 26. Ra2 Bd4 27. Ke2 e5 28. Re1 f5 29. Bb1 Bb6 30. Rd2 e4 31. Red1 Be6 32. Ba2 Bxa2 33. Rxa2 Rc8 34. Rad2 Rc7 35. Rd5 Rc2+ 36. R1d2 Rxd2+ 37. Rxd2 Ke6 38. f3 Bc5 39. fxe4 fxe4 40. Rd8 Bxa3 41. Ra8 Bc1 42. Rxa6+ Kd5 43. Rb6 Kc5 44. Rb7 Kd4 45. Rd7+ Kc3 46. Re7 Kb2 47. Rb7 Bf4 48. Rxb5+ Kc3 49. Rf5 1-0

[Event "Euskadi-ch15"]
[Site "Subijana de Alava"]
[Date "2001.04.19"]
[Round "3"]
[White "Izeta Txabarri, Felix"]
[Black "Nava Pereda, Carlos"]
[Result "1/2-1/2"]
[WhiteElo "2448"]
[BlackElo "2302"]
[PlyCount "29"]
[EventDate "2001.04.17"]
[EventType "swiss"]
[EventRounds "7"]
[EventCountry "ESP"]
[SourceTitle "EXT 2002"]
[Source "ChessBase"]
[SourceDate "2001.11.25"]
[SourceVersion "1"]
[SourceVersionDate "2001.11.25"]
[SourceQuality "1"]

1. d4 d5 2. c4 Bf5 3. cxd5 Bxb1 4. Qa4+ c6 5. Rxb1 Qxd5 6. Nf3 Nd7 7. b4 e6 8. g3 a5 9. bxa5 Rxa5 10. Qb3 Bb4+ 11. Kd1 Ngf6 12. Qxd5 Nxd5 13. a3 Bxa3 14. Rxb7 f6 15. Bd2 1/2-1/2

[Event "Euskadi-ch15"]
[Site "Subijana de Alava"]
[Date "2001.04.17"]
[Round "1"]
[White "Izeta Txabarri, Felix"]
[Black "Arrieta Gonzalez, Kepa"]
[Result "1-0"]
[WhiteElo "2448"]
[BlackElo "2199"]
[PlyCount "57"]
[EventDate "2001.04.17"]
[EventType "swiss"]
[EventRounds "7"]
[EventCountry "ESP"]
[SourceTitle "EXT 2002"]
[Source "ChessBase"]
[SourceDate "2001.11.25"]
[SourceVersion "1"]
[SourceVersionDate "2001.11.25"]
[SourceQuality "1"]

1. d4 d5 2. c4 c6 3. Nf3 Nf6 4. Nc3 e6 5. e3 Nbd7 6. Bd3 dxc4 7. Bxc4 b5 8. Bd3 Bb7 9. 0-0 a6 10. a4 b4 11. Ne4 Nxe4 12. Bxe4 Nf6 13. Bd3 a5 14. e4 Be7 15. Qe2 Qb6 16. Be3 Ng4 17. Bg5 Nf6 18. Rac1 0-0 19. Rfd1 Rfc8 20. e5 Nd5 21. Qe4 g6 22. Bxe7 Nxe7 23. Qh4 Nf5 24. Bxf5 exf5 25. Qh6 c5 26. Ng5 Bd5 27. dxc5 Rxc5 28. Rxc5 Qxc5 29. Nxh7 1-0

[Event "Euskadi-ch15"]
[Site "Subijana de Alava"]
[Date "2001.03.17"]
[Round "2"]
[White "Argandona Riveiro, Inigo"]
[Black "Izeta Txabarri, Felix"]
[Result "0-1"]
[WhiteElo "2243"]
[BlackElo "2448"]
[PlyCount "114"]
[EventDate "2001.04.17"]
[EventType "swiss"]
[EventRounds "7"]
[EventCountry "ESP"]
[SourceTitle "EXT 2002"]
[Source "ChessBase"]
[SourceDate "2001.11.25"]
[SourceVersion "1"]
[SourceVersionDate "2001.11.25"]
[SourceQuality "1"]

1. d4 Nf6 2. Bg5 c5 3. Bxf6 gxf6 4. d5 Qb6 5. Qc1 f5 6. g3 Bg7 7. c3 d6 8. Nd2 Nd7 9. Nc4 Qa6 10. e4 b5 11. Ne3 fxe4 12. a4 Qb7 13. Bxb5 Rb8 14. Rb1 0-0 15. f4 Nf6 16. Bc6 Qb3 17. Ne2 Ba6 18. Qd1 Qxd1+ 19. Kxd1 Bd3 20. Kd2 e6 21. b4 Bxb1 22. Rxb1 Nxd5 23. Nxd5 exd5 24. b5 e3+ 25. Kc2 d4 26. c4 Bf6 27. Kd3 Bd8 28. Bd5 Kg7 29. Ra1 Ba5 30. f5 Kf6 31. Rf1 Rbe8 32. g4 Rg8 33. Rg1 h5 34. h3 hxg4 35. hxg4 Rg7 36. Bf3 Kg5 37. Rh1 Kf6 38. Rh6+ Ke5 39. Rh5 Rgg8 40. Rh7 Kf6 41. Rh6+ Ke5 42. Rh1 Rh8 43. Rg1 Rh2 44. Bd5 Reh8 45. g5 Kxf5 46. g6 Rxe2 47. Kxe2 Rh2+ 48. Rg2 Rxg2+ 49. Bxg2 fxg6 50. Kf3 Kg5 51. Bf1 Kh4 52. Ke4 Kg3 53. Kd3 g5 54. Be2 Kf4 55. Bf1 g4 56. Ke2 Kg3 57. b6 axb6 0-1

[Event "Mario Covas 1st"]
[Site "Santos"]
[Date "2001.01.31"]
[Round "3"]
[White "Izeta Txabarri, Felix"]
[Black "Pelikian, Jefferson"]
[Result "1-0"]
[WhiteElo "2448"]
[BlackElo "2387"]
[PlyCount "193"]
[EventDate "2001.01.29"]
[EventType "tourn"]
[EventRounds "11"]
[EventCountry "BRA"]
[EventCategory "8"]
[SourceTitle "CBM 082"]
[Source "ChessBase"]
[SourceDate "2001.05.17"]
[SourceVersion "1"]
[SourceVersionDate "2001.05.17"]
[SourceQuality "1"]

1. d4 Nf6 2. Nf3 d5 3. c4 e6 4. Nc3 Be7 5. Bg5 h6 6. Bh4 0-0 7. e3 b6 8. Be2 Bb7 9. Bxf6 Bxf6 10. cxd5 exd5 11. b4 c6 12. 0-0 a5 13. bxa5 Rxa5 14. Qb3 Nd7 15. a4 Re8 16. Rfe1 g6 17. Rad1 Bg7 18. e4 Nf6 19. exd5 Nxd5 20. Nxd5 Rxd5 21. Bc4 Rxe1+ 22. Rxe1 Rf5 23. a5 b5 24. Bd3 Rf4 25. Qb4 Bxd4 26. Qe7 Qxe7 27. Rxe7 Ba6 28. Kf1 c5 29. Ra7 Rf6 30. Nxd4 cxd4 31. Ke2 Kg7 32. f3 Rc6 33. Kd2 Kf6 34. Rd7 Ke5 35. Rxf7 b4 36. f4+ Kd5 37. Rd7+ Kc5 38. Re7 Bxd3 39. Kxd3 b3 40. Rb7 Ra6 41. Rxb3 Rxa5 42. Ke4 Ra2 43. Rg3 Ra6 44. Rh3 Re6+ 45. Kd3 Ra6 46. Rxh6 Ra3+ 47. Ke2 Kd5 48. Rxg6 Ke4 49. Re6+ Kxf4 50. Kf2 d3 51. g3+ Kf5 52. Rh6 d2 53. Ke2 Rd3 54. Kd1 Ke4 55. Re6+ Kf3 56. Re2 Ra3 57. Rxd2 Ke3 58. Rc2 Ra1+ 59. Rc1 Ra2 60. Rc3+ Ke4 61. Rc2 Ra3 62. Ke2 Kf5 63. Kf2 Kg4 64. Kg2 Ra4 65. h3+ Kf5 66. Rc5+ Kg6 67. h4 Rb4 68. Kh3 Rb3 69. h5+ Kh6 70. Kh4 Rb4+ 71. g4 Rb7 72. Rf5 Rb4 73. Rf6+ Kg7 74. Rd6 Kh7 75. Rd7+ Kh6 76. Rd6+ Kh7 77. h6 Kh8 78. Kh5 Kh7 79. Rd7+ Kg8 80. g5 Rb5 81. Rg7+ Kh8 82. Rf7 Kg8 83. Rf6 Kh7 84. Kg4 Rb4+ 85. Rf4 Rb7 86. Kh5 Rb5 87. Re4 Ra5 88. Re7+ Kg8 89. Kg4 Ra4+ 90. Kf5 Ra5+ 91. Kf6 Ra8 92. g6 Ra6+ 93. Re6 Ra8 94. Rd6 Re8 95. Rd7 Kh8 96. Kf7 Rf8+ 97. Ke7 1-0

[Event "Mario Covas 1st"]
[Site "Santos"]
[Date "2001.01.29"]
[Round "1"]
[White "Izeta Txabarri, Felix"]
[Black "Rodriguez Vila, Andres"]
[Result "1-0"]
[WhiteElo "2448"]
[BlackElo "2493"]
[PlyCount "131"]
[EventDate "2001.01.29"]
[EventType "tourn"]
[EventRounds "11"]
[EventCountry "BRA"]
[EventCategory "8"]
[SourceTitle "CBM 082"]
[Source "ChessBase"]
[SourceDate "2001.05.17"]
[SourceVersion "1"]
[SourceVersionDate "2001.05.17"]
[SourceQuality "1"]

1. d4 e6 2. c4 Bb4+ 3. Bd2 Qe7 4. g3 Nc6 5. Nf3 Nf6 6. Bg2 Bxd2+ 7. Nbxd2 d6 8. Nf1 d5 9. a3 0-0 10. Ne3 Rd8 11. Qc2 dxc4 12. Qxc4 Nd5 13. 0-0 Nxe3 14. fxe3 e5 15. d5 Na5 16. Qc2 Rxd5 17. Ng5 e4 18. Qxe4 Qxe4 19. Nxe4 Re5 20. Rac1 c6 21. Rc3 Be6 22. Nc5 Bd5 23. e4 Bc4 24. b4 Rxc5 25. bxc5 Rd8 26. Kf2 Bb5 27. Rfc1 Kf8 28. Ke1 Ke7 29. Rd1 Rxd1+ 30. Kxd1 Nc4 31. Ke1 a5 32. Bh3 Ne5 33. Rb3 Kd8 34. a4 Ba6 35. Kd2 Kc7 36. Rb1 Bc4 37. Bf1 f6 38. e3 Ba2 39. Ra1 Bf7 40. Kc3 Bg6 41. Bg2 Ng4 42. Kd4 Bf7 43. Bf3 Ne5 44. Be2 Be6 45. Rf1 h6 46. h4 Kd8 47. g4 Bxg4 48. Bxg4 Nxg4 49. h5 Ne5 50. Rf5 Nd7 51. e5 Ke7 52. exf6+ gxf6 53. Rf2 b6 54. cxb6 Nxb6 55. Ra2 Kd6 56. Ke4 Nd5 57. Ra3 Ke6 58. Kd4 Kd6 59. Rb3 f5 60. Rb8 c5+ 61. Kd3 Ke5 62. Rb5 f4 63. Rxc5 fxe3 64. Rxa5 e2 65. Kxe2 Kd4 66. Rxd5+ 1-0